LEADER 01099nas 2200361- 450 001 9910217046703321 005 20240116213021.0 011 $a2396-9008 035 $a(OCoLC)935524175 035 $a(CKB)2320000000008063 035 $a(CONSER)--2016226050 035 $a(EXLCZ)992320000000008063 100 $a20160121a20159999 --- - 101 0 $aeng 135 $aur||||||||||| 181 $ctxt$2rdacontent 182 $cc$2rdamedia 183 $acr$2rdacarrier 200 10$aObject 210 1$aLondon :$cHistory of Art Department, University College London,$d[2015]- 300 $aRefereed/Peer-reviewed 300 $a"Graduate research and reviews in the history of art and visual culture." 311 $a1464-7230 606 $aArt criticism$vPeriodicals 606 $aArt criticism$2fast$3(OCoLC)fst00815492 608 $aPeriodicals.$2fast 615 0$aArt criticism 615 7$aArt criticism. 712 02$aUniversity College, London.$bHistory of Art Department, 906 $aJOURNAL 912 $a9910217046703321 996 $aObject$92279861 997 $aUNINA